| 000 | 00338nam a2200121Ia 4500 | ||
|---|---|---|---|
| 008 | 191201s1994 xx 000 0 und d | ||
| 100 | _aKLEIN, Werner | ||
| 245 | 0 | _aManual of Textile Technology Man-made Fibers and Their Processing | |
| 260 |
_aN. Delhi _bTextile Institute _c1994 |
||
| 300 | _a40 | ||
| 650 | _aB.Tech(TE) | ||
| 942 |
_2ddc _cBK |
||
| 999 |
_c5185 _d5185 |
||